000 00380pab a2200145 454500
008 180718b1989 xxu||||| |||| 00| 0 eng d
100 _aEngineer, Rusi
245 _aPunishing corporate negligence industrial disasters and criminal law
260 _c1989
300 _a711-3
362 _a8 Apr.
650 _aDisasters
773 _aEconomic and Political Weekly
909 _a7305
999 _c7305
_d7305